| 000 | 00632cam a22002175a 4500 | ||
|---|---|---|---|
| 001 | L153479 | ||
| 008 | 110801e20110729xxk 000 0 eng d | ||
| 035 | _a(Sirsi) u153479 | ||
| 041 | 0 | _aeng | |
| 100 | 1 | _aLane, Thomas | |
| 245 | 0 | 0 |
_aBIM _bthe inside story |
| 260 | _c2011 | ||
| 490 |
_aBuilding _v276 (8689) 29 July 2011, 34-39(6) |
||
| 520 | _aFollows a Building Information Modelling, BIM, project from beginning to end: remodelling the Central Library in Manchester. | ||
| 590 | _aKA | ||
| 650 | 2 | 4 | _aBUILDING INFORMATION MODELLING |
| 650 | 2 | 4 |
_aBIM _96219 |
| 651 | 4 | _aManchester | |
| 690 |
_aBIM _96219 |
||
| 942 | _n0 | ||
| 999 |
_c83302 _d83302 |
||